|
|
|
|
| LEADER |
00000nab a2200000 a 4500 |
| 001 |
vtls000478124 |
| 003 |
SK-MaSNL |
| 005 |
20260305001758.0 |
| 008 |
250424c1992 xo 0 slo |
| 015 |
|
|
|a SNBRB19rr/mm-uuuuu
|
| 035 |
|
|
|a CL0478259
|
| 035 |
|
|
|a urn:nbn:sk:snk-abbi0
|
| 035 |
|
|
|a (urnnbn)urn:nbn:sk:snk:ar-a03ezs
|
| 035 |
|
|
|a (uuid)1600a36e-aa72-4e86-ad16-677281bc65b3
|
| 040 |
|
|
|a SNKBUCL
|b slo
|c SNKBUCL
|e AACR2
|
| 041 |
0 |
|
|a slo
|
| 044 |
|
|
|a xo
|c SK
|
| 080 |
|
|
|a 576.32/.36:543.42
|2 1981
|
| 080 |
|
|
|a 543.42
|2 1981
|
| 245 |
0 |
0 |
|a Spin trapping EPR štúdium reaktívnych kyslíkových produktov respiračného vzplanutia fagocytov
|b Využitie EPR-spektroskopie v biológii a medicíne 2
|c Ján Reguli, Zdena Ďuračková, Jozef Pogády, Dana Martišová, Andrej Staško
|
| 300 |
|
|
|b Obr. 2, sch. 1, tab. 2, res. angl., lit. 89 zázn. v angl., slov.
|
| 650 |
0 |
7 |
|a fagocyty
|2 snkbucl
|9 17667
|
| 650 |
0 |
7 |
|a vzplanutie fagocytov respiračné
|2 snkbucl
|9 1577377
|
| 650 |
0 |
7 |
|a spektroskopia EPR
|2 snkbucl
|9 1218609
|
| 655 |
|
7 |
|a články z novín a časopisov
|2 snkbucl
|9 267496
|
| 700 |
1 |
|
|a Reguli, Ján
|4 aut
|9 385659
|
| 700 |
1 |
|
|a Ďuračková, Zdeňka,
|d 1942-
|4 aut
|9 156689
|
| 700 |
1 |
|
|a Pogády, Jozef,
|d 1924-2004
|4 aut
|9 142592
|
| 700 |
1 |
|
|a Martišová, Dana
|4 aut
|9 1372602
|
| 700 |
1 |
|
|a Staško, Andrej,
|d 1938-
|4 aut
|9 37181
|
| 773 |
0 |
|
|t Bratislavské lekárske listy
|g Roč. 93, č. 11 (1992), s. 557-567
|
| 850 |
|
|
|a Slovenská národná knižnica
|
| 852 |
|
|
|a Slovenská národná knižnica
|
| 954 |
|
|
|a odborná, vedecká literatúra pôvodná (slovenská)
|2 lita
|
| 958 |
|
|
|a article27
|
| 958 |
|
|
|a NB
|
| 958 |
|
|
|a RK
|
| 958 |
|
|
|a MI
|
| 958 |
|
|
|a OND
|
| 958 |
|
|
|a EUIPO
|
| 992 |
|
|
|a RBX
|
| 999 |
|
|
|c 3221221
|d 3223151
|